Mexico : come feel the warmth of Mexico.
| Format: | Book |
|---|---|
| Published: |
Mexico:
Turismo,
1987.
|
| Subjects: |
| LEADER | 00421cam a2200157 7i4500 | ||
|---|---|---|---|
| 001 | 0000002449 | ||
| 005 | 19991025090000.0 | ||
| 002 | ##000003622 | ||
| 020 | 0 | 0 | |a T000003630 |
| 090 | 0 | 0 | |a SITC34 484 |b MEX |
| 245 | 0 | 0 | |a Mexico : |b come feel the warmth of Mexico. |
| 260 | 0 | 0 | |a Mexico: |b Turismo, |c 1987. |
| 300 | 0 | 0 | |a 50p. |
| 650 | 0 | 0 | |a Tourisms -- |z Mexico |
| 651 | 0 | 0 | |a Mexico |
| 999 | |a 0000004146 |b Book |c Countries |e Business Information Centre | ||